Dřevené kostely a kaple Moravy a Slezska
Salvato in:
| Autore principale: | |
|---|---|
| Natura: | Libro |
| Lingua: | ceco |
| Pubblicazione: |
Český Těšín: Agave, ,
2001
|
| Soggetti: | |
| Tags: |
Nessun Tag, puoi essere il primo ad aggiungerne!!
|
MARC
| LEADER | 00000nam a22000003a 4500 | ||
|---|---|---|---|
| 001 | stu78833 | ||
| 005 | 20150617225643.7 | ||
| 008 | 030130s2001------------------------cze-d | ||
| 020 | |a 8086160491 | ||
| 040 | |a STU |b slo | ||
| 041 | 0 | |a cze | |
| 100 | 1 | |a Polášek, Jaromír |4 aut | |
| 245 | 1 | |a Dřevené kostely a kaple Moravy a Slezska | |
| 260 | |a Český Těšín: Agave, , |c 2001 | ||
| 300 | |a 379 s | ||
| 650 | 7 | |a architektúra sakrálna |2 stusub | |
| 996 | |b 284AU00045 |c A*3827 U |l AAKNAR |s A |a 24 |w stu78833_0001 | ||